000 00403nam a2200169Ia 4500
008 230524s9999 xx 000 0 und d
020 _a0070482926
082 _a4.3
_bKUM
100 _aSatish kumar
245 0 _aNeural Networks A Classroom Approach
250 _a1AT
260 _aNEW DELHI
_bTMH
_c2004
300 _aXXII;736
500 _aQuantity Number: 2
650 _aComp-Sc
942 _cBK
999 _c17740
_d17740